000 00805nas a2200265 4500
001 BR7600623
003 BR-BrBNA
005 20231205082910.0
007 ta
008 230509b bl.|||p| |||| 00| 00por d
040 _aBR-BrBNA
_bpor
_cBiblioteca Nacional de Agricultura
041 _a(Pt)
072 _aS10; Q20
100 1 _aSilva, S.D. da
100 1 _aLeitao, M.F.F.
100 1 _aShirose, I.
100 1 _aDelazari, I.
100 1 _aCampos, R.B. de
245 1 _aAvaliacao fisico-quimica e microbiologica dos concentrados de tomates comerciais
650 _aTOMATE
650 _aALIMENTO CONCENTRADO
773 0 _tBoletim do Instituto de Tecnologia de Alimentos (Brazil)
_x
_g(Mar 1975), (no. 41) p. 69-88
_wBR7600623
909 _a202311
_bLúcia
_c55
_dLúcia Elande
942 _2AGRIS
_n0
_cANA
999 _c94949
_d94949